000 00300nam a22001337a 4500
008 171009b xxu||||| |||| 00| 0 eng d
020 _a9780471450085
041 _aeng
080 _24TH
_a159.9
100 _a49
101 _aPSI
245 _aRESEARCH IN PSYCHOLOGY
_cGOODWIN.G.J
942 _2udc
_cBK
999 _c32490
_d32490